000 02421 a2200205 4500
001 54895
005 20260407155824.0
008 260407a1969 arg spa d
003 AR-UNSa-BCEJYS
040 _aAR-UNSa-BCEJYS
_bspa
_cAR-UNSa-BCEJYS
080 _a316
_xSociología
245 1 0 _aHistoria y elementos de la sociología del conocimiento
_pTomo II: Conocimiento y contexto de las ideas sociales
250 _a2a. ed.
264 1 _aBuenos Aires :
_bEUDEBA (Editorial Universitaria de Buenos Aires)
_c1969
300 _a339 p.
_c23 cm.
505 _aTOMO II - Primera parte: Ideología: Contenido y contexto - I. La ideología bonapartista - II. "Weltanschauung",ciencia y economía - III. La función del mito en la vida social del hombre - IV. La ideología como medio de control social - V. Ideología y alienación - VI. Una medida de la alienación - VII. ¿El fin de la ideología? - Segunda parte: La transición de la ideología a la utopía - VIII. Formalización de la teoría general de la ideología y la utopía - IX. La institucionalización de las ideologías - X. Caracteres generales de las utopías sociales - XI. La búsqueda de utopía - XII. Autonomía y utopía - XIII. Utopía,libertad y orden - Tercera parte: Conciencia,comunicación y cultura - XIV. Continuidad y discontinuidad del condicionamiento cultural - XV. La invasión marciana: La falsa conciencia en acción - XVI. Los medios de difusión y las masas - XVII. Aprendizaje y olvido de material ideológico - XVIII. Las clases populares y las actitudes autoritarias - XIX. Las funciones de una ideología racial - Cuarta parte: Normas sociales y valores humanos - XX. Doctrina de la relación básica entre el hecho científico y el natural - XXI. Teoría social y problemas sociales - XXII. El naturalismo y el análisis sociológico del conocimiento - XXIII. Sociología del conocimiento y filosofía del conocimiento - XXIV. Lo singular y lo general: hacia una filosofía de la sociología - Quinta parte: Acción social y comprensión humana - XXV. El efecto de las formas sociales sobre la ciencia social - XXVI. Problemas relativos a la obtención y evaluación de los datos sociales - XXVII. Más allá de la utopía:hacia una nueva orientación del análisis sociológico - XXVIII. El carácter del pensamiento occidental
942 _cBK
590 _aniveau_biblio:m niveau_hierar:0
100 1 _aHorowitz, Irving Louis
999 _c5821
_d5821